| 000 -LEADER |
| fixed length control field |
00982nam a22002537a 4500 |
| 008 - FIXED-LENGTH DATA ELEMENTS--GENERAL INFORMATION |
| fixed length control field |
260416b xxu||||| |||| 00| 0 eng d |
| 245 ## - TITLE STATEMENT |
| Title |
Hellfire 2026 |
| Statement of responsibility, etc |
directed by Isaac Florentine ; written by Richard Lowry ; produce by Robert Paschall Jr., Jonny Remo, Daniel Leif. |
| 260 ## - PUBLICATION, DISTRIBUTION, ETC. (IMPRINT) |
| Place of publication, distribution, etc |
Arkansas : |
| Name of publisher, distributor, etc |
Saban Films, |
| Date of publication, distribution, etc |
2026 |
| 300 ## - PHYSICAL DESCRIPTION |
| Extent |
1 videofile, (ca, 95 mins.) : |
| Other physical details |
sound, color. |
| 500 ## - GENERAL NOTE |
| General note |
Summary derived from IMDb Web site. |
| 520 ## - SUMMARY, ETC. |
| Summary, etc |
A drifter, who arrives in a small town, finds residents in the grip of a ruthless boss and tries to free them. |
| 546 ## - LANGUAGE NOTE |
| Language note |
In English Language. |
| 650 ## - SUBJECT ADDED ENTRY--TOPICAL TERM |
| Topical term or geographic name as entry element |
Action. |
| 650 ## - SUBJECT ADDED ENTRY--TOPICAL TERM |
| Topical term or geographic name as entry element |
Thriller. |
| 700 ## - ADDED ENTRY--PERSONAL NAME |
| Personal name |
Florintine, Isaac, director. |
| 700 ## - ADDED ENTRY--PERSONAL NAME |
| Personal name |
Lowry, Richard, writer. |
| 700 ## - ADDED ENTRY--PERSONAL NAME |
| Personal name |
Paschall, Robert Jr., producer. |
| 700 ## - ADDED ENTRY--PERSONAL NAME |
| Personal name |
Remo, Jhonny, producer. |
| 700 ## - ADDED ENTRY--PERSONAL NAME |
| Personal name |
Leif, Daniel, producer. |
| 700 ## - ADDED ENTRY--PERSONAL NAME |
| Personal name |
Lang, Stephen, star. |
| 700 ## - ADDED ENTRY--PERSONAL NAME |
| Personal name |
Thompson, Scottie, star. |
| 700 ## - ADDED ENTRY--PERSONAL NAME |
| Personal name |
Sirow, Michael, star. |
| 942 ## - ADDED ENTRY ELEMENTS (KOHA) |
| Source of classification or shelving scheme |
|
| Item type |
Audio-Visual Materials |